Normal view
MARC view
Entry Geographic Name
001 - CONTROL NUMBER
- control field: 12010
003 - CONTROL NUMBER IDENTIFIER
- control field: BD-RjUL
005 - DATE AND TIME OF LATEST TRANSACTION
- control field: 20240303102258.0
008 - FIXED-LENGTH DATA ELEMENTS
- fixed length control field: 240303|| aca||aabn | a|a d
040 ## - CATALOGING SOURCE
- Original cataloging agency: BD-RjUL
- Transcribing agency: BD-RjUL
151 ## - HEADING--GEOGRAPHIC NAME
- Geographic name: India
- General subdivision: History
- Chronological subdivision: 1526-1765
670 ## - SOURCE DATA FOUND
- Source citation: Work cat.: (BD-RjUL)83197: آزاد، محمّد حسين، ;; Āzād, Muḥammad Ḥusain, approximately 1834-1910, author. 12007, ;; دربار اکبرى /Darbār-i Akbarī /